Canales de marketing y distribución comercial: el más práctico y efectivo sistema gerencial para el manejo integrado y relacional de los canales de marketing
Salvato in:
| Autori principali: | , , |
|---|---|
| Natura: | Libro |
| Lingua: | spagnolo |
| Pubblicazione: |
Bogotá
McGraw Hill
1999
|
| Edizione: | 1a. ed |
| Soggetti: | |
| Tags: |
Aggiungi Tag
Nessun Tag, puoi essere il primo ad aggiungerne!!
|
MARC
| LEADER | 00000cam a2200000 a 4500 | ||
|---|---|---|---|
| 001 | UCP5859 | ||
| 003 | CL-VaPUC | ||
| 008 | 991001e19990000CK |||||||||||||||||spa|d | ||
| 020 | |a 9586009726 | ||
| 082 | 0 | 4 | |a 658.82 |b PEL |2 21 |
| 100 | 0 | |a Pelton, Lou E |e author |9 434466 | |
| 700 | 0 | |a Strutton, David |e author |9 434467 | |
| 700 | 0 | |a Lumpkin, James R |e author |9 434468 | |
| 245 | 1 | 0 | |a Canales de marketing y distribución comercial: el más práctico y efectivo sistema gerencial para el manejo integrado y relacional de los canales de marketing |
| 250 | |a 1a. ed | ||
| 300 | |a 542 p | ||
| 942 | |c BK | ||
| 945 | |d 19991001 00:00:00 |a rbrito | ||
| 260 | |a Bogotá |b McGraw Hill |c 1999 | ||
| 650 | 0 | |a Marketing |9 259324 | |
| 650 | 0 | |a Análisis de mercado |9 260838 | |
| 650 | 0 | |a Producción |9 263680 | |
| 650 | 0 | |a Ventas |9 259323 | |
| 650 | 7 | |a ETICA COMERCIAL |2 CL-VaPUC |9 434469 | |
| 583 | |a last modification |c 20161202 10:50:49 |k Rodrigo Vera | ||
| 999 | |c 283504 |d 283502 | ||
| 952 | |0 0 |1 0 |4 0 |6 658_820000000000000_PEL_1999 |7 0 |8 A |9 326739 |a BIBENE |b BIBENE |d 2019-11-20 |i 3563413 |o 658.82 PEL 1999 |p 3563413 |r 2025-01-15 |w 2019-11-20 |y BK |k ICO | ||
| 952 | |0 0 |1 0 |4 0 |6 658_820000000000000_PEL_1999 |7 0 |8 A |9 326740 |a BIBENE |b BIBENE |d 2019-11-20 |i 3574644 |o 658.82 PEL 1999 |p 3574644 |r 2025-01-15 |w 2019-11-20 |y BK |k ICO | ||
| 952 | |0 0 |1 0 |4 0 |6 658_820000000000000_PEL_1999 |7 0 |8 A |9 326741 |a BIBENE |b BIBENE |d 2019-11-20 |i 3580741 |o 658.82 PEL 1999 |p 3580741 |r 2025-01-15 |w 2019-11-20 |y BK |k ICO | ||